Govt. of
Madhya Pradesh

Educational Psychology and Child Development (Record no. 65395)

MARC details
000 -LEADER
fixed length control field 00270nam a22001097a 4500
082 ## - DEWEY DECIMAL CLASSIFICATION NUMBER
Classification number 370/SHA
100 ## - MAIN ENTRY--AUTHOR NAME
Personal name Sharma,Sita Ram
245 ## - TITLE STATEMENT
Title Educational Psychology and Child Development
260 ## - PUBLICATION, DISTRIBUTION, ETC. (IMPRINT)
Place of publication Delhi
Name of publisher S.K. Publcation
Year of publication 2022
650 ## - SUBJECT ADDED ENTRY--TOPICAL TERM
Topical Term Education
942 ## - ADDED ENTRY ELEMENTS (KOHA)
Koha item type Books
Holdings
Withdrawn status Lost status Damaged status Not for loan Home library Current library Date acquired Cost, normal purchase price Full call number Accession Number Price effective from Koha item type
        MACL MACL 12/10/2022 650.00 370/SHA CRE040131 12/10/2022 Books